Sahithya ki manaviya samsakthi/ (Record no. 39154)

000 -LEADER
fixed length control field 00406nam a22001451a 4500
082 ## - DEWEY DECIMAL CLASSIFICATION NUMBER
Classification number H4
Item number SHA/S
245 ## - TITLE STATEMENT
Title Sahithya ki manaviya samsakthi/
Statement of responsibility, etc by Shemim Aliyar P A (ed.)
260 ## - PUBLICATION, DISTRIBUTION, ETC. (IMPRINT)
Place of publication Kochi:
Name of publisher Kochin Vijnan Va Proudhyoghiki Vishwavidhyalay,
Year of publication 2003.
300 ## - PHYSICAL DESCRIPTION
Number of Pages 120p.
650 ## - SUBJECT ADDED ENTRY--TOPICAL TERM
Topical Term Essays Hindi
650 ## - SUBJECT ADDED ENTRY--TOPICAL TERM
Topical Term Literature Hindi
650 ## - SUBJECT ADDED ENTRY--TOPICAL TERM
Topical Term Literature
700 ## - ADDED ENTRY--PERSONAL NAME
Personal name Shemim Aliyar P A (ed.)
942 ## - ADDED ENTRY ELEMENTS (KOHA)
Koha item type Book
Holdings
Withdrawn status Lost status Damaged status Not for loan Permanent Location Current Location Shelving location Date acquired Cost, normal purchase price Full call number Accession Number Cost, replacement price Price effective from Koha item type
        Sree Sankaracharya University of Sanskrit Sree Sankaracharya University of Sanskrit Stacks 08.01.2015 150.00 H4 SHA/S 051317 0.00 08.01.2015 Book
        Sree Sankaracharya University of Sanskrit Sree Sankaracharya University of Sanskrit Stacks 11.02.2019 150.00 H4 SHA/S 093329   11.02.2019 Book